| 000 -LEADER |
| fixed length control field |
01710cam a2200157 a 4500 |
| 020 ## - INTERNATIONAL STANDARD BOOK NUMBER |
| ISBN |
9780071132107 |
| 082 00 - DEWEY DECIMAL CLASSIFICATION NUMBER |
| Classification number |
532.05015118 |
| 100 1# - MAIN ENTRY--AUTHOR NAME |
| Personal name |
Anderson, John D., |
| 245 10 - TITLE STATEMENT |
| Title |
Computational fluid dynamics : the basics with applications / |
| 300 ## - PHYSICAL DESCRIPTION |
| Number of Pages |
1 online resource, 573 pages ; |
| Other physical details |
illustrations ; |
| 490 1# - SERIES STATEMENT |
| Series statement |
McGraw-Hill series in mechanical engineering |
| 505 0# - FORMATTED CONTENTS NOTE |
| Formatted contents note |
Part I: Basic Thoughts and Equations -- Philosophy of computational fluid dynamics -- The governing equations of fluid dynamics their derivation, a discussion of their physical meaning, and a presentation of forms particularly suitable to CFD -- Mathematical behavior of partial differential equations: the impact on CFD -- Part II: Basics of the Numerics -- Basic aspects of discretization -- Grids with appropriate transformations -- Some simple CFD techniques: a beginning -- Part III: Some Applications -- Numerical solutions of quasi-one-dimensional nozzle flows -- Numerical solution of a two-dimensional supersonic flow: Prandtl-Meyer expansion wave -- Incompressible couette flow: numerical solution by means of an implicit method and the pressure correction method -- Supersonic flow over a flat plate: numerical solution by solving the complete Navier-Stokes equations -- Part IV: Other Topics -- Some advanced topics in Modern CFD: a discussion -- The future of CFD -- Appendix A: Thomas's algorithm for the solution of a tridiagonal system of equations |
| 520 ## - SUMMARY, ETC. |
| Summary, etc |
A comprehensive, up to date text written for undergraduate and graduate students which covers topics ranging from the basic philosophy of computational fluid dynamics to advanced areas of CFD |
| 650 #0 - SUBJECT ADDED ENTRY--TOPICAL TERM |
| Topical Term |
Computational fluid dynamics |
| 942 ## - ADDED ENTRY ELEMENTS (KOHA) |
| Koha item type |
Electronic Books |